000 01606cam a2200337Ia 4500
001 6913094
003 ARRUPE
005 20150115020005.0
008 080425s2008 enk b 000 0 eng d
020 _a0334040442
020 _a9780334040446
024 _a99821905323
035 _a(OCoLC)ocn226303387
035 _a(OCoLC)226303387
035 _a(NNC)6913094
040 _aYDXCP
_cYDXCP
_dBTCTA
_dBAKER
_dABF
_dUAT
_dBWK
_dCVN
050 4 _aBR121.3
_b.W67 2008
245 0 0 _aWorld Christianity in the twentieth century :
_ba reader /
_cedited by Noel Davies and Martin Conway.
246 3 4 _aWorld Christianity in the 20th century
260 _aLondon :
_bSCM Press,
_c2008.
300 _axvi, 283 p. ;
_c24 cm.
504 _aIncludes bibliographical references.
505 0 _aChristianity becomes a worldwide faith -- The Orthodox churches -- The Roman Catholic church -- The historic Protestant churches -- Pentecostalism -- The Middle East -- Africa : the twentieth century's great success story? -- South Asia : Bangladesh, India, Nepal, Pakistan and Sri Lanka -- East Asia and the Pacific -- Latin America and the Caribbean -- North America -- Europe : the odd one out? -- War and peace -- The response of faith to contemporary science -- The perspectives of women -- Christians and our neighbours of other world faiths.
650 0 _aChristianity
_y20th century.
_93899
650 0 _aChristianity and other religions.
_93900
700 1 _aDavies, Noel.
_93901
700 1 _aConway, Martin.
_93902
942 _2lcc
_cMONOGRAPH
_01
948 1 _a20090324
_bc
_cvt2130
_dMPS
999 _c118694
_d118694